000 00754nam a2200289Ia 4500
003 OSt
005 20221006144523.0
006 a|||||r|||| 00| 0
007 ta
008 221006b |||||||| |||| 00| 0 eng d
020 _a 9788170180470
020 _a8170180473
_c80.00
024 _a11,875
037 _cTextual
040 _aEASL
_cEASL
_beng
041 _2eng
_aeng
082 _aV2:51.N47, L9
100 _aPrasad Birendra
245 0 _aIndian nationalism and Asia 1900-1947
260 _aDelhi
_bB. R. Pub. India
_c1979
300 _a226p.
_ccm.
490 _v Gen
650 _a Gen
650 _aIndia - Nationalism
_9652182
942 _hV2:51.N47, L9
_cTEXL
_2CC
999 _c1079961
_d1079961